Anxiety Detection System AI Psychologist (Record no. 33513)
[ view plain ]
| 000 -LEADER | |
|---|---|
| fixed length control field | 00480nam a2200145Ia 4500 |
| 008 - FIXED-LENGTH DATA ELEMENTS--GENERAL INFORMATION | |
| fixed length control field | 260210s9999 xx 000 0 und d |
| 024 ## - OTHER STANDARD IDENTIFIER | |
| Standard number or code | 20B-098-SE, 20B-041-SE & 20B-014-SE, |
| 082 ## - DEWEY DECIMAL CLASSIFICATION NUMBER | |
| Classification number | 006.3072 ALI |
| 100 ## - MAIN ENTRY--PERSONAL NAME | |
| Personal name | Dua Ali, Mirza Shoaib Baig & Muhammad Humza |
| 110 ## - MAIN ENTRY--CORPORATE NAME | |
| Corporate name or jurisdiction name as entry element | Engr. Rabbia Zuberi |
| 245 #0 - TITLE STATEMENT | |
| Title | Anxiety Detection System AI Psychologist |
| 260 ## - PUBLICATION, DISTRIBUTION, ETC. | |
| Place of publication, distribution, etc. | Karachi: |
| Name of publisher, distributor, etc. | UITU, |
| Date of publication, distribution, etc. | 2020 |
| 600 ## - SUBJECT ADDED ENTRY--PERSONAL NAME | |
| Personal name | Bachelor of Software Engineering (SE) |
| 650 ## - SUBJECT ADDED ENTRY--TOPICAL TERM | |
| Topical term or geographic name entry element | Software Engineering |
No items available.

